| 000 | 00713nam a22001577a 4500 | ||
|---|---|---|---|
| 020 | _a978-81-291-4012-8 | ||
| 082 |
_a823 _bDAL/V |
||
| 100 | _aWOOLF, VIRGINIA | ||
| 245 | _aMRS.DALLOWAY | ||
| 246 |
_aMRS.DALLOWAY _bMRS.DALLOWAY |
||
| 260 |
_aDELHI _bRUPA PUBLICATIONS _c2018 |
||
| 300 | _a201 | ||
| 520 | _a The book describes Clarissa's preparations for a party she will host in the evening and the ensuing party. With an interior perspective, the story travels forwards and backwards in time, to construct an image of Clarissa's life and the inter-war social structure. The novel addresses the nature of time in personal experience through multiple interwoven stories. | ||
| 650 |
_aNOVEL _zINDIA |
||
| 942 | _cBK | ||
| 999 |
_c3305 _d3305 |
||